STN EN 1392: 2007 (66 8703) Lepidlá na useň a obuvnícke materiály. Rozpúšťadlové a disperzné lepidlá. Skúška pevnosti lepeného spoja za špecifikovaných podmienok
Norma je slovenskou verziou EN 1392: 2006
| Corporate Author: | |
|---|---|
| Other Authors: | |
| Format: | Book |
| Language: | Slovak English |
| PhysicalDescription: | 16 s. obr., tab. 30 cm |
| Published: |
Bratislava
Slovenský ústav technickej normalizácie
2007
|
| Subjects: |
MARC
| LEADER | 00000nam a2200000 a 4500 | ||
|---|---|---|---|
| 001 | vtls009868007 | ||
| 003 | SK-MaSNL | ||
| 005 | 20260301025756.0 | ||
| 008 | 160628s2007 xo a f u 000 0 slo | ||
| 015 | |a SNBN2011/03-02057 | ||
| 020 | |c (cen. skup. 11) | ||
| 035 | |a (SVKBBclas03)vtls000256588 | ||
| 040 | |a SNK |b slo |c SNK |e AACR2 | ||
| 041 | 1 | |a slo |h eng | |
| 044 | |a xo |c SK | ||
| 046 | |a s |m 200701 (účin.) | ||
| 072 | 7 | |a 685 |x Spracovanie kože. Obuvníctvo |2 konspekt | |
| 080 | |a 685.34.042 |2 2001 | ||
| 080 | |a 685.34.019.04 |2 2001 | ||
| 080 | |a 620.1 |2 2001 | ||
| 080 | |a 006.86 |2 2001 | ||
| 080 | |a (4)CEN |2 2001 | ||
| 080 | |a (437.6) |2 2001 | ||
| 080 | |a (083.742) |2 2001 | ||
| 084 | |a 61.060 |2 ICS | ||
| 084 | |a 83.180 |2 ICS | ||
| 130 | 0 | |a STN 66 8703 (STN EN 1392) |9 322388 | |
| 245 | 1 | 0 | |a STN EN 1392: 2007 (66 8703) Lepidlá na useň a obuvnícke materiály. Rozpúšťadlové a disperzné lepidlá. Skúška pevnosti lepeného spoja za špecifikovaných podmienok |c [spracovateľ Ekochem I.B. Bratislava, Ivan Bešina] |
| 246 | 1 | 0 | |a Lepidlá na useň a obuvnícke materiály |
| 246 | 1 | 0 | |a Rozpúšťadlové a disperzné lepidlá |
| 246 | 1 | 0 | |a Skúška pevnosti lepeného spoja za špecifikovaných podmienok |
| 246 | 3 | |a EN 1392: 2006 E | |
| 260 | |a Bratislava |b Slovenský ústav technickej normalizácie |c 2007 | ||
| 300 | |a 16 s. |b obr., tab. |c 30 cm | ||
| 500 | |a Od 1.1.2007 spoločne s STN EN 15062 nahrádzajú STN EN 1392 z júna 2000 | ||
| 504 | |a Citované a súvisiace normy: s. 2. | ||
| 520 | 8 | |a Norma je slovenskou verziou EN 1392: 2006 | |
| 540 | |a STN vydané na akomkoľvek nosiči sa môžu rozmnožovať a rozširovať iba so súhlasom určenej právnickej osoby |b SÚTN Bratislava |c zákon 264/1999 Z.z. | ||
| 546 | |a Terminológia a normatívne odkazy aj v angličtine | ||
| 650 | 0 | 7 | |a obuvnícke materiály |2 SVKBBPH |9 166730 |
| 650 | 0 | 7 | |a lepené spoje |2 SVKBBPH |9 50868 |
| 650 | 0 | 7 | |a skúšanie |2 SNKPH |9 320803 |
| 650 | 0 | 7 | |a technické normy a štandardy |z Slovensko |2 SNKPH |9 79594 |
| 650 | 0 | 7 | |a technické normy a štandardy |z krajiny Európskej únie |2 SNKPH |9 289341 |
| 655 | 7 | |a normy |2 SNKPH |9 70643 | |
| 700 | 1 | |a Bešina, Ivan |4 trl |9 314721 | |
| 710 | 2 | |a Ekochem I.B. (Bratislava, Slovensko) |4 aut |9 322389 | |
| 710 | 2 | |a Slovenský ústav technickej normalizácie (Bratislava, Slovensko). |b TK 24 Materiály a výrobky kožiarskeho priemyslu |4 stn |9 322390 | |
| 958 | |a OP | ||
| 958 | |a NB | ||
| 999 | |c 573271 |d 575201 | ||
| 952 | |a SNK |b SNK |y PREZ |7 0 |p 17A0537807 |o snkSTN EN 1392 |i snk2007/1851 |8 0 |0 0 |1 0 |4 0 |d 2007-01-22 |l 0 |r 2026-02-23 14:23:27 |w 2026-02-23 | ||
| 952 | |a SNK |b SNK |y PREZ |7 0 |p 17A0537806 |o snkSTN EN 1392 D1 |i snk2007/1853 |8 0 |0 0 |1 0 |4 0 |d 2007-01-22 |l 0 |r 2026-02-23 14:23:27 |w 2026-02-23 | ||


